<?xml version="1.0" encoding="UTF-8"?>
<record
    xmlns:xsi="http://www.w3.org/2001/XMLSchema-instance"
    xsi:schemaLocation="http://www.loc.gov/MARC21/slim http://www.loc.gov/standards/marcxml/schema/MARC21slim.xsd"
    xmlns="http://www.loc.gov/MARC21/slim">

  <leader>01339cam a2200337 a 4500</leader>
  <controlfield tag="001">4678244</controlfield>
  <controlfield tag="003">UOEML</controlfield>
  <controlfield tag="005">20140219121029.0</controlfield>
  <controlfield tag="008">810319s1981    dcua     b    101 0 eng  </controlfield>
  <datafield tag="010" ind1=" " ind2=" ">
    <subfield code="a">   81002652 </subfield>
  </datafield>
  <datafield tag="020" ind1=" " ind2=" ">
    <subfield code="a">0841206341</subfield>
  </datafield>
  <datafield tag="040" ind1=" " ind2=" ">
    <subfield code="a">DLC</subfield>
    <subfield code="c">DLC</subfield>
    <subfield code="d">DLC</subfield>
  </datafield>
  <datafield tag="050" ind1="0" ind2="0">
    <subfield code="a">QP82.2.R3</subfield>
    <subfield code="b">B527</subfield>
  </datafield>
  <datafield tag="060" ind1=" " ind2=" ">
    <subfield code="a">QT 162.U4 B615 1980</subfield>
  </datafield>
  <datafield tag="082" ind1="0" ind2="0">
    <subfield code="a">574.19/15</subfield>
    <subfield code="2">19</subfield>
  </datafield>
  <datafield tag="245" ind1="0" ind2="0">
    <subfield code="a">Biological effects of nonionizing radiation /</subfield>
    <subfield code="c">Karl H. Illinger, editor.</subfield>
  </datafield>
  <datafield tag="260" ind1=" " ind2=" ">
    <subfield code="a">Washington, D.C. :</subfield>
    <subfield code="b">American Chemical Society,</subfield>
    <subfield code="c">1981.</subfield>
  </datafield>
  <datafield tag="300" ind1=" " ind2=" ">
    <subfield code="a">x, 342 p. :</subfield>
    <subfield code="b">ill. ;</subfield>
    <subfield code="c">24 cm.</subfield>
  </datafield>
  <datafield tag="490" ind1="1" ind2=" ">
    <subfield code="a">ACS symposium series,</subfield>
    <subfield code="x">0097-6156 ;</subfield>
    <subfield code="v">157</subfield>
  </datafield>
  <datafield tag="500" ind1=" " ind2=" ">
    <subfield code="a">"Based on a symposium sponsored by the Division of Physical Chemistry at the 179th meeting of the American Chemical Society, Houston, Texas, March 25-26, 1980."</subfield>
  </datafield>
  <datafield tag="504" ind1=" " ind2=" ">
    <subfield code="a">Includes bibliographical references and index.</subfield>
  </datafield>
  <datafield tag="650" ind1=" " ind2="0">
    <subfield code="a">Nonionizing radiation</subfield>
    <subfield code="x">Physiological effect</subfield>
    <subfield code="x">Congresses.</subfield>
  </datafield>
  <datafield tag="650" ind1=" " ind2="0">
    <subfield code="a">Electromagnetism</subfield>
    <subfield code="x">Physiological effect</subfield>
    <subfield code="x">Congresses.</subfield>
  </datafield>
  <datafield tag="650" ind1=" " ind2="2">
    <subfield code="a">Radiation effects</subfield>
    <subfield code="x">Congresses.</subfield>
  </datafield>
  <datafield tag="650" ind1=" " ind2="2">
    <subfield code="a">Radiation, Non-ionizing</subfield>
    <subfield code="x">Congresses.</subfield>
  </datafield>
  <datafield tag="700" ind1="1" ind2=" ">
    <subfield code="a">Illinger, Karl H.,</subfield>
    <subfield code="d">1934-</subfield>
  </datafield>
  <datafield tag="710" ind1="2" ind2=" ">
    <subfield code="a">American Chemical Society.</subfield>
    <subfield code="b">Division of Physical Chemistry.</subfield>
  </datafield>
  <datafield tag="830" ind1=" " ind2="0">
    <subfield code="a">ACS symposium series ;</subfield>
    <subfield code="v">157.</subfield>
  </datafield>
  <datafield tag="906" ind1=" " ind2=" ">
    <subfield code="a">7</subfield>
    <subfield code="b">cbc</subfield>
    <subfield code="c">orignew</subfield>
    <subfield code="d">1</subfield>
    <subfield code="e">ocip</subfield>
    <subfield code="f">19</subfield>
    <subfield code="g">y-gencatlg</subfield>
  </datafield>
  <datafield tag="942" ind1=" " ind2=" ">
    <subfield code="2">lcc</subfield>
    <subfield code="c">LL</subfield>
  </datafield>
  <datafield tag="999" ind1=" " ind2=" ">
    <subfield code="c">266</subfield>
    <subfield code="d">266</subfield>
  </datafield>
  <datafield tag="952" ind1=" " ind2=" ">
    <subfield code="0">0</subfield>
    <subfield code="1">0</subfield>
    <subfield code="2">lcc</subfield>
    <subfield code="4">0</subfield>
    <subfield code="7">0</subfield>
    <subfield code="a">UOE</subfield>
    <subfield code="b">UOE</subfield>
    <subfield code="c">GEN</subfield>
    <subfield code="d">2014-02-19</subfield>
    <subfield code="l">0</subfield>
    <subfield code="o">QP82.2.R3 B527</subfield>
    <subfield code="p">10034928</subfield>
    <subfield code="r">2026-04-27 11:50:42</subfield>
    <subfield code="t">10034928</subfield>
    <subfield code="w">2014-02-19</subfield>
    <subfield code="y">LL</subfield>
  </datafield>
  <datafield tag="952" ind1=" " ind2=" ">
    <subfield code="0">0</subfield>
    <subfield code="1">0</subfield>
    <subfield code="2">lcc</subfield>
    <subfield code="4">0</subfield>
    <subfield code="7">0</subfield>
    <subfield code="a">UOE</subfield>
    <subfield code="b">UOE</subfield>
    <subfield code="c">GEN</subfield>
    <subfield code="d">2014-02-19</subfield>
    <subfield code="l">0</subfield>
    <subfield code="o">QP82.2.R3 B527</subfield>
    <subfield code="p">10034929</subfield>
    <subfield code="r">2026-04-27 11:50:43</subfield>
    <subfield code="t">10034929</subfield>
    <subfield code="w">2014-02-19</subfield>
    <subfield code="y">LL</subfield>
  </datafield>
  <datafield tag="952" ind1=" " ind2=" ">
    <subfield code="0">0</subfield>
    <subfield code="1">0</subfield>
    <subfield code="2">lcc</subfield>
    <subfield code="4">0</subfield>
    <subfield code="7">0</subfield>
    <subfield code="a">UOE</subfield>
    <subfield code="b">UOE</subfield>
    <subfield code="c">GEN</subfield>
    <subfield code="d">2014-02-19</subfield>
    <subfield code="l">0</subfield>
    <subfield code="o">QP82.2.R3 B527</subfield>
    <subfield code="p">10034925</subfield>
    <subfield code="r">2026-04-27 11:50:42</subfield>
    <subfield code="t">10034925</subfield>
    <subfield code="w">2014-02-19</subfield>
    <subfield code="y">LL</subfield>
  </datafield>
  <datafield tag="952" ind1=" " ind2=" ">
    <subfield code="0">0</subfield>
    <subfield code="1">0</subfield>
    <subfield code="2">lcc</subfield>
    <subfield code="4">0</subfield>
    <subfield code="7">0</subfield>
    <subfield code="a">UOE</subfield>
    <subfield code="b">UOE</subfield>
    <subfield code="c">GEN</subfield>
    <subfield code="d">2014-02-19</subfield>
    <subfield code="l">0</subfield>
    <subfield code="o">QP82.2.R3 B527</subfield>
    <subfield code="p">10034932</subfield>
    <subfield code="r">2026-04-27 11:50:42</subfield>
    <subfield code="t">10034932</subfield>
    <subfield code="w">2014-02-19</subfield>
    <subfield code="y">LL</subfield>
  </datafield>
  <datafield tag="952" ind1=" " ind2=" ">
    <subfield code="0">0</subfield>
    <subfield code="1">0</subfield>
    <subfield code="2">lcc</subfield>
    <subfield code="4">0</subfield>
    <subfield code="7">0</subfield>
    <subfield code="a">UOE</subfield>
    <subfield code="b">UOE</subfield>
    <subfield code="c">GEN</subfield>
    <subfield code="d">2014-02-19</subfield>
    <subfield code="l">0</subfield>
    <subfield code="o">QP82.2.R3 B527</subfield>
    <subfield code="p">10043544</subfield>
    <subfield code="r">2026-04-27 11:50:42</subfield>
    <subfield code="t">10043544</subfield>
    <subfield code="w">2014-02-19</subfield>
    <subfield code="y">LL</subfield>
  </datafield>
  <datafield tag="952" ind1=" " ind2=" ">
    <subfield code="0">0</subfield>
    <subfield code="1">0</subfield>
    <subfield code="2">lcc</subfield>
    <subfield code="4">0</subfield>
    <subfield code="7">0</subfield>
    <subfield code="a">UOE</subfield>
    <subfield code="b">UOE</subfield>
    <subfield code="c">GEN</subfield>
    <subfield code="d">2014-02-19</subfield>
    <subfield code="l">0</subfield>
    <subfield code="o">QP82.2.R3 B527</subfield>
    <subfield code="p">10034988</subfield>
    <subfield code="r">2026-04-27 11:50:42</subfield>
    <subfield code="t">10034988</subfield>
    <subfield code="w">2014-02-19</subfield>
    <subfield code="y">LL</subfield>
  </datafield>
  <datafield tag="952" ind1=" " ind2=" ">
    <subfield code="0">0</subfield>
    <subfield code="1">0</subfield>
    <subfield code="2">lcc</subfield>
    <subfield code="4">0</subfield>
    <subfield code="7">0</subfield>
    <subfield code="a">UOE</subfield>
    <subfield code="b">UOE</subfield>
    <subfield code="c">GEN</subfield>
    <subfield code="d">2014-02-19</subfield>
    <subfield code="l">0</subfield>
    <subfield code="o">QP82.2.R3 B527</subfield>
    <subfield code="p">10034989</subfield>
    <subfield code="r">2026-04-27 11:50:42</subfield>
    <subfield code="t">10034989</subfield>
    <subfield code="w">2014-02-19</subfield>
    <subfield code="y">LL</subfield>
  </datafield>
  <datafield tag="952" ind1=" " ind2=" ">
    <subfield code="0">0</subfield>
    <subfield code="1">0</subfield>
    <subfield code="2">lcc</subfield>
    <subfield code="4">0</subfield>
    <subfield code="7">0</subfield>
    <subfield code="a">UOE</subfield>
    <subfield code="b">UOE</subfield>
    <subfield code="c">GEN</subfield>
    <subfield code="d">2014-02-19</subfield>
    <subfield code="l">0</subfield>
    <subfield code="o">QP82.2.R3 B527</subfield>
    <subfield code="p">10034927</subfield>
    <subfield code="r">2026-04-27 11:50:42</subfield>
    <subfield code="t">10034927</subfield>
    <subfield code="w">2014-02-19</subfield>
    <subfield code="y">LL</subfield>
  </datafield>
  <datafield tag="952" ind1=" " ind2=" ">
    <subfield code="0">0</subfield>
    <subfield code="1">0</subfield>
    <subfield code="2">lcc</subfield>
    <subfield code="4">0</subfield>
    <subfield code="7">0</subfield>
    <subfield code="a">UOE</subfield>
    <subfield code="b">UOE</subfield>
    <subfield code="c">GEN</subfield>
    <subfield code="d">2014-02-19</subfield>
    <subfield code="l">0</subfield>
    <subfield code="o">QP82.2.R3 B527</subfield>
    <subfield code="p">10034926</subfield>
    <subfield code="r">2026-04-27 11:50:41</subfield>
    <subfield code="t">10034926</subfield>
    <subfield code="w">2014-02-19</subfield>
    <subfield code="y">LL</subfield>
  </datafield>
  <datafield tag="952" ind1=" " ind2=" ">
    <subfield code="0">0</subfield>
    <subfield code="1">0</subfield>
    <subfield code="2">lcc</subfield>
    <subfield code="4">0</subfield>
    <subfield code="7">0</subfield>
    <subfield code="a">UOE</subfield>
    <subfield code="b">UOE</subfield>
    <subfield code="c">GEN</subfield>
    <subfield code="d">2014-02-19</subfield>
    <subfield code="l">0</subfield>
    <subfield code="o">QP82.2.R3 B527</subfield>
    <subfield code="p">10043545</subfield>
    <subfield code="r">2026-04-27 11:50:41</subfield>
    <subfield code="t">10043545</subfield>
    <subfield code="w">2014-02-19</subfield>
    <subfield code="y">LL</subfield>
  </datafield>
</record>
